[Event "Russian Rapid Championship (m)"]
[Site "Sochi"]
[Date "2022.10.16"]
[Round "7.14"]
[White "Grebnev, Aleksey"]
[Black "Grigorjev, Iljya"]
[Result "1-0"]
[BlackElo "2304"]
[WhiteElo "2469"]
[LiveChessVersion "1.4.8"]

1. c4 {[%clk 0:13:52]} Nf6 {[%clk 0:15:04]} 2. Nf3 {[%clk 0:13:56]} e6
{[%clk 0:15:05]} 3. Nc3 {[%clk 0:14:02]} d5 {[%clk 0:15:11]} 4. d4
{[%clk 0:14:10]} c5 {[%clk 0:15:14]} 5. cxd5 {[%clk 0:14:12]} cxd4
{[%clk 0:15:21]} 6. Qxd4 {[%clk 0:14:12]} exd5 {[%clk 0:15:29]} 7. Bg5
{[%clk 0:14:17]} Be7 {[%clk 0:15:19]} 8. Rd1 {[%clk 0:14:17]} Be6
{[%clk 0:13:36]} 9. e3 {[%clk 0:14:23]} Nc6 {[%clk 0:13:38]} 10. Qa4
{[%clk 0:13:35]} O-O {[%clk 0:13:24]} 11. Bb5 {[%clk 0:13:30]} Qb6
{[%clk 0:12:10]} 12. Bxf6 {[%clk 0:13:36]} Bxf6 {[%clk 0:12:17]} 13. Nxd5
{[%clk 0:13:44]} Bxd5 {[%clk 0:12:25]} 14. Rxd5 {[%clk 0:13:52]} Bxb2
{[%clk 0:12:09]} 15. Ke2 {[%clk 0:13:53]} Bf6 {[%clk 0:10:11]} 16. Rhd1
{[%clk 0:12:29]} a6 {[%clk 0:07:15]} 17. Bc4 {[%clk 0:11:55]} Qb4
{[%clk 0:07:23]} 18. Qxb4 {[%clk 0:11:15]} Nxb4 {[%clk 0:07:30]} 19. Rd7
{[%clk 0:11:22]} b5 {[%clk 0:07:39]} 20. Bb3 {[%clk 0:11:30]} a5 {[%clk 0:07:44]}
21. Rb7 {[%clk 0:10:37]} a4 {[%clk 0:03:41]} 22. Bd5 {[%clk 0:10:44]} Nxd5
{[%clk 0:03:19]} 23. Rxd5 {[%clk 0:10:52]} Rfc8 {[%clk 0:03:27]} 24. Rbxb5
{[%clk 0:10:17]} Rc2+ {[%clk 0:03:05]} 25. Rd2 {[%clk 0:10:15]} Rc7
{[%clk 0:03:13]} 26. Ne1 {[%clk 0:09:26]} g6 {[%clk 0:03:07]} 27. Nd3
{[%clk 0:09:22]} Rac8 {[%clk 4:04:15]} 28. Nf4 {[%clk 0:09:02]} Rc1
{[%clk 0:00:27]} 29. Nd5 {[%clk 0:09:00]} Bd8 {[%clk 0:00:35]} 30. Rb7
{[%clk 0:07:49]} Kg7 {[%clk 0:00:34]} 31. Ra7 {[%clk 0:07:53]} R8c4
{[%clk 0:00:42]} 32. g3 {[%clk 0:07:20]} h5 {[%clk 0:00:48]} 33. h4
{[%clk 0:07:25]} R1c2 {[%clk 0:00:25]} 34. Kd3 {[%clk 0:06:44]} Rc1
{[%clk 0:00:33]} 35. Rb2 {[%clk 0:06:12]} Rc5 {[%clk 0:00:26]} 36. e4
{[%clk 0:06:05]} Rd1+ {[%clk 0:00:26]} 37. Ke3 {[%clk 0:06:01]} g5
{[%clk 0:00:13]} 38. Rbb7 {[%clk 0:05:24]} Rcxd5 {[%clk 0:00:21]} 39. exd5
{[%clk 0:05:25]} gxh4 {[%clk 0:00:29]} 40. gxh4 {[%clk 0:05:17]} 1-0

[Event "Russian Rapid Championship (m)"]
[Site "Sochi"]
[Date "2022.10.16"]
[Round "7.15"]
[White "Tsydypov, Zhamsaran"]
[Black "Ivlev, Aleksey"]
[Result "1-0"]
[BlackElo "2401"]
[WhiteElo "2554"]
[LiveChessVersion "1.4.8"]

1. e4 {[%clk 0:15:17]} c6 {[%clk 0:15:08]} 2. d4 {[%clk 0:15:23]} d5
{[%clk 0:15:17]} 3. e5 {[%clk 0:15:32]} g6 {[%clk 0:15:23]} 4. h4
{[%clk 0:15:34]} h5 {[%clk 0:15:22]} 5. Nc3 {[%clk 0:15:30]} Bg7 {[%clk 0:15:29]}
6. Bg5 {[%clk 0:15:26]} Qb6 {[%clk 0:15:03]} 7. Na4 {[%clk 0:15:01]} Qa5+
{[%clk 0:15:09]} 8. c3 {[%clk 0:15:09]} Nh6 {[%clk 0:15:01]} 9. Nc5
{[%clk 0:14:49]} Qc7 {[%clk 0:14:49]} 10. Nd3 {[%clk 0:14:47]} b6
{[%clk 0:10:57]} 11. Nf3 {[%clk 0:14:47]} Bg4 {[%clk 0:11:03]} 12. Be2
{[%clk 0:14:49]} O-O {[%clk 0:10:30]} 13. Bf4 {[%clk 0:14:29]} e6
{[%clk 0:09:20]} 14. Nh2 {[%clk 0:14:02]} Bxe2 {[%clk 0:09:14]} 15. Qxe2
{[%clk 0:14:10]} c5 {[%clk 0:09:21]} 16. g4 {[%clk 0:13:01]} cxd4
{[%clk 0:07:26]} 17. cxd4 {[%clk 0:13:09]} Nc6 {[%clk 0:07:14]} 18. Be3
{[%clk 0:11:31]} Nxg4 {[%clk 0:04:32]} 19. Nxg4 {[%clk 0:11:37]} hxg4
{[%clk 0:04:42]} 20. Qxg4 {[%clk 0:10:59]} Ne7 {[%clk 0:03:55]} 21. h5
{[%clk 0:11:03]} Nf5 {[%clk 0:03:38]} 22. h6 {[%clk 0:10:45]} Nxe3
{[%clk 0:03:23]} 23. fxe3 {[%clk 0:10:54]} Bh8 {[%clk 0:03:32]} 24. h7+
{[%clk 0:10:55]} Kg7 {[%clk 0:03:41]} 25. Nf4 {[%clk 0:11:02]} Rfc8
{[%clk 0:02:43]} 26. Qg5 {[%clk 0:10:44]} Kf8 {[%clk 0:02:36]} 27. Nxe6+
{[%clk 0:10:39]} fxe6 {[%clk 0:02:31]} 28. Rf1+ {[%clk 0:10:43]} 1-0

[Event "Russian Rapid Championship (m)"]
[Site "Sochi"]
[Date "2022.10.16"]
[Round "7.16"]
[White "Pridorozhni, Aleksei"]
[Black "Elizarov, Dmitry"]
[Result "1-0"]
[BlackElo "2368"]
[WhiteElo "2538"]
[LiveChessVersion "1.4.8"]

1. e4 {[%clk 0:15:18]} e6 {[%clk 0:15:18]} 2. d4 {[%clk 0:15:21]} d5
{[%clk 0:15:26]} 3. Nc3 {[%clk 0:15:29]} Nf6 {[%clk 0:15:32]} 4. Bg5
{[%clk 0:15:34]} dxe4 {[%clk 0:15:39]} 5. Nxe4 {[%clk 0:15:42]} Be7
{[%clk 0:15:48]} 6. Bxf6 {[%clk 0:15:49]} gxf6 {[%clk 0:15:56]} 7. Nf3
{[%clk 0:15:43]} f5 {[%clk 0:16:03]} 8. Nc3 {[%clk 0:15:51]} a6 {[%clk 0:16:09]}
9. Bc4 {[%clk 0:15:24]} b5 {[%clk 0:16:10]} 10. Bb3 {[%clk 0:15:33]} c5
{[%clk 0:15:41]} 11. dxc5 {[%clk 0:15:35]} Qxd1+ {[%clk 0:14:33]} 12. Rxd1
{[%clk 0:15:42]} Bxc5 {[%clk 0:14:42]} 13. O-O {[%clk 0:14:35]} Ra7
{[%clk 0:14:46]} 14. Rfe1 {[%clk 0:14:24]} Rd7 {[%clk 0:14:48]} 15. Nd5
{[%clk 0:13:36]} Kf8 {[%clk 0:14:35]} 16. Nf4 {[%clk 0:11:52]} Nc6
{[%clk 0:08:09]} 17. c4 {[%clk 0:10:51]} Bd6 {[%clk 0:04:54]} 18. cxb5
{[%clk 0:10:42]} axb5 {[%clk 0:04:57]} 19. Nxe6+ {[%clk 0:09:25]} fxe6
{[%clk 0:05:04]} 20. Bxe6 {[%clk 0:09:34]} Bxh2+ {[%clk 0:04:53]} 21. Kxh2
{[%clk 0:09:42]} Rxd1 {[%clk 0:05:01]} 22. Rxd1 {[%clk 0:09:51]} Bxe6
{[%clk 0:05:09]} 23. Rd6 {[%clk 0:10:00]} Bxa2 {[%clk 0:04:25]} 24. Rxc6
{[%clk 0:10:08]} Kg7 {[%clk 0:02:47]} 25. Nd4 {[%clk 0:10:04]} Bb1
{[%clk 0:02:53]} 26. Rc1 {[%clk 0:09:56]} Bd3 {[%clk 0:02:11]} 27. Rd1
{[%clk 0:10:04]} Bc4 {[%clk 0:02:19]} 28. Nxf5+ {[%clk 0:10:04]} Kg6
{[%clk 0:02:14]} 29. Ne3 {[%clk 0:10:10]} Ra8 {[%clk 0:02:15]} 30. Rd6+
{[%clk 0:10:01]} Kf7 {[%clk 0:02:16]} 31. g4 {[%clk 0:10:00]} Ra2
{[%clk 0:02:11]} 32. Rd2 {[%clk 0:10:06]} Be6 {[%clk 0:02:10]} 33. Kg3
{[%clk 0:10:11]} h6 {[%clk 0:01:50]} 34. f4 {[%clk 0:10:00]} Ke7 {[%clk 0:01:58]}
35. f5 {[%clk 0:09:58]} Bf7 {[%clk 0:02:06]} 36. Kf4 {[%clk 0:09:43]} Kf6
{[%clk 0:02:02]} 37. Rd6+ {[%clk 0:09:21]} Kg7 {[%clk 0:02:08]} 38. b4
{[%clk 0:08:09]} Rb2 {[%clk 0:01:23]} 39. Rd4 {[%clk 0:08:17]} Bc4
{[%clk 0:01:11]} 40. Rd7+ {[%clk 0:08:19]} Kg8 {[%clk 0:00:41]} 41. Rd6
{[%clk 0:07:29]} Kh7 {[%clk 0:00:18]} 42. Rd7+ {[%clk 0:06:05]} Kg8
{[%clk 0:00:24]} 43. f6 {[%clk 0:06:08]} Rxb4 {[%clk 0:00:18]} 44. Ke5
{[%clk 0:06:12]} Rb1 {[%clk 0:00:11]} 45. Nf5 {[%clk 0:05:17]} Re1+
{[%clk 0:00:20]} 46. Kf4 {[%clk 0:05:26]} Kf8 {[%clk 0:00:11]} 47. Nxh6
{[%clk 0:05:02]} b4 {[%clk 0:00:17]} 48. Rb7 {[%clk 0:03:07]} b3 {[%clk 0:00:26]}
49. g5 {[%clk 0:03:11]} Bd5 {[%clk 0:00:20]} 50. g6 {[%clk 0:03:03]} Be4 51. Kxe4
1-0

[Event "Russian Rapid Championship (m)"]
[Site "Sochi"]
[Date "2022.10.16"]
[Round "7.18"]
[White "Ponkratov, Pavel"]
[Black "Sutormin, Danila"]
[Result "1-0"]
[BlackElo "2363"]
[WhiteElo "2518"]
[LiveChessVersion "1.4.8"]

1. d4 {[%clk 0:15:16]} Nf6 {[%clk 0:14:49]} 2. c4 {[%clk 0:15:25]} g6
{[%clk 0:14:57]} 3. Nc3 {[%clk 0:15:33]} Bg7 {[%clk 0:15:06]} 4. e4
{[%clk 0:15:40]} d6 {[%clk 0:15:14]} 5. h3 {[%clk 0:15:48]} O-O {[%clk 0:15:17]}
6. Be3 {[%clk 0:15:56]} Na6 {[%clk 0:15:20]} 7. Bd3 {[%clk 0:16:01]} e5
{[%clk 0:15:08]} 8. d5 {[%clk 0:16:09]} Nc5 {[%clk 0:15:17]} 9. Bc2
{[%clk 0:16:18]} a5 {[%clk 0:15:22]} 10. Nge2 {[%clk 0:16:24]} c6
{[%clk 0:14:30]} 11. O-O {[%clk 0:15:36]} cxd5 {[%clk 0:13:03]} 12. cxd5
{[%clk 0:15:38]} Bd7 {[%clk 0:11:38]} 13. a4 {[%clk 0:15:20]} Ne8
{[%clk 0:09:41]} 14. Rb1 {[%clk 0:15:25]} Nc7 {[%clk 0:09:00]} 15. b4
{[%clk 0:15:33]} axb4 {[%clk 0:09:08]} 16. Rxb4 {[%clk 0:15:42]} N7a6
{[%clk 0:08:56]} 17. Rb2 {[%clk 0:15:49]} f5 {[%clk 0:08:23]} 18. exf5
{[%clk 0:14:33]} gxf5 {[%clk 0:08:05]} 19. f4 {[%clk 0:14:42]} Qa5
{[%clk 0:05:03]} 20. Nb5 {[%clk 0:13:21]} exf4 {[%clk 0:04:13]} 21. Bd4
{[%clk 0:13:29]} Be5 {[%clk 0:02:22]} 22. Nxf4 {[%clk 0:13:31]} Nb4
{[%clk 0:01:53]} 23. Nxd6 {[%clk 0:05:12]} Bxd6 {[%clk 0:01:33]} 24. Qh5
{[%clk 0:05:20]} Nxc2 {[%clk 0:01:38]} 25. Qg5+ {[%clk 0:05:28]} Kf7
{[%clk 0:01:47]} 26. Rxc2 {[%clk 0:05:37]} Ne4 {[%clk 0:01:21]} 27. Qh5+
{[%clk 0:05:19]} Kg8 {[%clk 0:00:51]} 28. Re2 {[%clk 0:05:28]} Rf7
{[%clk 0:00:39]} 29. Rxe4 {[%clk 0:03:21]} fxe4 {[%clk 0:00:48]} 30. Qg5+
{[%clk 0:03:29]} Kf8 {[%clk 0:00:57]} 31. Ne6+ {[%clk 0:03:35]} Bxe6
{[%clk 0:00:54]} 32. Qh6+ {[%clk 0:03:44]} Ke8 {[%clk 0:00:20]} 33. Qxe6+
{[%clk 0:03:48]} Re7 {[%clk 0:00:25]} 34. Qxd6 {[%clk 0:03:23]} Rd8
{[%clk 0:00:34]} 35. Qg3 {[%clk 0:03:16]} Qxd5 {[%clk 0:00:34]} 36. Bf6
{[%clk 0:03:19]} Qc5+ {[%clk 0:00:29]} 37. Kh1 {[%clk 0:03:07]} Rf7
{[%clk 0:00:38]} 38. Qg4 {[%clk 0:03:08]} Qc4 {[%clk 0:00:20]} 39. Qg8+
{[%clk 0:03:14]} 1-0

[Event "Russian Rapid Championship (m)"]
[Site "Sochi"]
[Date "2022.10.16"]
[Round "7.19"]
[White "Saidov, Bilukhadzh"]
[Black "Demidov, Mikhail"]
[Result "0-1"]
[BlackElo "2488"]
[WhiteElo "2323"]
[LiveChessVersion "1.4.8"]

1. d4 {[%clk 0:15:18]} g6 {[%clk 0:15:09]} 2. e4 {[%clk 0:15:23]} Bg7
{[%clk 0:15:18]} 3. Nf3 {[%clk 0:15:29]} d6 {[%clk 0:15:26]} 4. Nc3
{[%clk 0:15:37]} a6 {[%clk 0:15:35]} 5. a4 {[%clk 0:15:30]} Nf6 {[%clk 0:15:42]}
6. Be2 {[%clk 0:15:32]} O-O {[%clk 0:15:49]} 7. O-O {[%clk 0:15:37]} Nc6
{[%clk 0:15:58]} 8. Bg5 {[%clk 0:14:08]} h6 {[%clk 0:15:43]} 9. Bf4
{[%clk 0:10:37]} Bg4 {[%clk 0:15:25]} 10. d5 {[%clk 0:09:59]} Nb8
{[%clk 0:15:08]} 11. Qd2 {[%clk 0:09:54]} Kh7 {[%clk 0:14:49]} 12. h3
{[%clk 0:08:42]} Bxf3 {[%clk 0:14:49]} 13. Bxf3 {[%clk 0:08:50]} Nfd7 14. Be2
{[%clk 0:08:47]} a5 {[%clk 0:14:33]} 15. Be3 {[%clk 0:07:47]} c6 {[%clk 0:14:36]}
16. f4 {[%clk 0:07:22]} Na6 {[%clk 0:14:42]} 17. Bf3 Rc8 {[%clk 0:14:38]} 18. Kh1
{[%clk 0:05:18]} Nb4 {[%clk 0:14:43]} 19. Rad1 {[%clk 0:04:53]} Nb6 20. Qf2
{[%clk 0:01:33]} Nc4 {[%clk 0:11:25]} 21. Bc1 {[%clk 0:01:40]} Qb6
{[%clk 0:10:09]} 22. Qe2 {[%clk 0:01:14]} Qa6 {[%clk 0:10:09]} 23. dxc6
{[%clk 0:01:14]} bxc6 {[%clk 0:10:06]} 24. Qf2 {[%clk 0:00:49]} Qb6
{[%clk 0:09:55]} 25. Qe2 {[%clk 0:00:52]} Qa6 {[%clk 0:09:43]} 26. Qf2
{[%clk 0:01:00]} Qb7 {[%clk 0:09:11]} 27. Be2 {[%clk 0:00:56]} Nb6
{[%clk 0:09:13]} 28. Bg4 {[%clk 0:01:02]} Rcd8 {[%clk 0:08:49]} 29. e5
{[%clk 0:00:57]} N4d5 {[%clk 0:06:43]} 30. Nxd5 {[%clk 0:00:54]} cxd5
{[%clk 0:06:48]} 31. Bf3 {[%clk 0:00:32]} e6 32. Qh4 {[%clk 0:00:28]} Qc6
{[%clk 0:06:11]} 33. exd6 {[%clk 0:00:15]} Qxc2 34. f5 {[%clk 0:00:16]} exf5
{[%clk 0:04:19]} 35. Be3 {[%clk 0:00:17]} Rxd6 {[%clk 0:04:04]} 36. Rc1
{[%clk 0:00:17]} Qxa4 {[%clk 0:04:11]} 37. Qf2 {[%clk 0:00:18]} d4
{[%clk 0:04:01]} 38. Bf4 {[%clk 0:00:27]} Re6 {[%clk 0:04:06]} 39. Rc7
{[%clk 0:00:17]} Qb5 {[%clk 0:03:21]} 40. Rd1 {[%clk 0:00:21]} Nd5
{[%clk 0:03:23]} 0-1

[Event "Russian Rapid Championship (m)"]
[Site "Sochi"]
[Date "2022.10.16"]
[Round "7.20"]
[White "Truskavetsky, Alexandr"]
[Black "Khegay, Dmitriy"]
[Result "0-1"]
[BlackElo "2486"]
[WhiteElo "2270"]
[LiveChessVersion "1.4.8"]

1. d4 {[%clk 0:15:16]} Nf6 {[%clk 0:15:19]} 2. c4 {[%clk 0:15:19]} e6
{[%clk 0:15:28]} 3. Nf3 {[%clk 0:15:18]} d5 {[%clk 0:15:37]} 4. Nc3
{[%clk 0:15:19]} Bb4 {[%clk 0:15:45]} 5. cxd5 {[%clk 0:15:20]} exd5
{[%clk 0:15:53]} 6. Bg5 {[%clk 0:15:18]} Nbd7 {[%clk 0:16:01]} 7. Qc2
{[%clk 0:14:58]} c5 {[%clk 0:16:06]} 8. dxc5 {[%clk 0:14:14]} Qa5
{[%clk 0:15:46]} 9. Bd2 {[%clk 0:13:23]} Nxc5 {[%clk 0:14:31]} 10. a3
{[%clk 0:12:21]} Ne6 {[%clk 0:13:27]} 11. e3 {[%clk 0:11:42]} Be7
{[%clk 0:13:00]} 12. Bd3 {[%clk 0:10:56]} Qd8 {[%clk 0:13:09]} 13. O-O
{[%clk 0:10:57]} O-O {[%clk 0:13:17]} 14. b4 {[%clk 0:09:52]} b6 {[%clk 0:13:17]}
15. Ne2 {[%clk 0:09:23]} Bb7 {[%clk 0:13:26]} 16. Ned4 {[%clk 0:09:12]} Rc8
{[%clk 0:13:26]} 17. Qa4 {[%clk 0:09:05]} Ne4 {[%clk 0:13:03]} 18. Qxa7
{[%clk 0:06:17]} Nxd4 {[%clk 0:12:28]} 19. exd4 {[%clk 0:01:16]} Nxd2
{[%clk 0:12:37]} 20. Nxd2 {[%clk 0:01:07]} Bc6 {[%clk 0:12:46]} 21. Qa6
{[%clk 0:00:20]} Ra8 {[%clk 0:12:53]} 22. Bxh7+ {[%clk 0:00:27]} Kxh7
{[%clk 0:13:01]} 23. Qd3+ {[%clk 0:00:36]} Kg8 {[%clk 0:13:07]} 24. Nf3
{[%clk 0:00:39]} Bf6 {[%clk 0:13:10]} 25. Ne5 {[%clk 0:00:39]} Bxe5
{[%clk 0:13:12]} 26. dxe5 {[%clk 0:00:48]} d4 {[%clk 0:13:11]} 27. f4
{[%clk 0:00:27]} Qd5 {[%clk 0:13:20]} 28. Qg3 {[%clk 0:00:32]} Rfe8
{[%clk 0:13:21]} 29. Rad1 {[%clk 0:00:13]} Rxa3 {[%clk 0:13:27]} 0-1

[Event "Russian Rapid Championship (m)"]
[Site "Sochi"]
[Date "2022.10.16"]
[Round "8.1"]
[White "Artemiev, Vladislav"]
[Black "Shomoev, Anton"]
[Result "1-0"]
[BlackElo "2553"]
[WhiteElo "2710"]
[LiveChessVersion "1.4.8"]

1. Nf3 {[%clk 0:15:13]} Nf6 {[%clk 0:15:18]} 2. c4 {[%clk 0:15:07]} c5
{[%clk 0:15:16]} 3. Nc3 {[%clk 0:15:06]} e6 {[%clk 0:15:22]} 4. e3
{[%clk 0:14:53]} Nc6 {[%clk 0:14:55]} 5. d4 {[%clk 0:14:55]} d5 {[%clk 0:15:03]}
6. cxd5 {[%clk 0:14:13]} Nxd5 {[%clk 0:14:59]} 7. Bd3 {[%clk 0:14:04]} cxd4
{[%clk 0:14:59]} 8. exd4 {[%clk 0:14:11]} Bb4 {[%clk 0:14:52]} 9. O-O
{[%clk 0:13:21]} O-O {[%clk 0:13:43]} 10. Qc2 {[%clk 0:09:24]} h6
{[%clk 0:13:51]} 11. Rd1 {[%clk 0:08:14]} Bd6 {[%clk 0:13:51]} 12. Qe2
{[%clk 0:08:04]} Bd7 {[%clk 0:13:29]} 13. Ne5 {[%clk 0:05:36]} Rc8
{[%clk 0:10:09]} 14. Bb1 {[%clk 0:01:16]} Nf6 {[%clk 0:05:32]} 15. Bf4
{[%clk 0:01:00]} Qe7 {[%clk 0:04:12]} 16. Ne4 {[%clk 0:00:17]} Nxe4
{[%clk 0:03:53]} 17. Bxe4 {[%clk 0:00:25]} Rfd8 {[%clk 0:03:35]} 18. h3
{[%clk 0:00:33]} Be8 {[%clk 0:03:36]} 19. Qe3 {[%clk 0:00:12]} Nb4
{[%clk 0:03:02]} 20. Qb3 {[%clk 0:00:13]} a5 {[%clk 0:02:43]} 21. a3
{[%clk 0:00:17]} a4 {[%clk 0:01:46]} 22. Qg3 {[%clk 0:00:25]} Nd5
{[%clk 0:01:56]} 23. Bxd5 {[%clk 0:00:20]} exd5 {[%clk 0:02:05]} 24. Rac1
{[%clk 0:00:13]} Bxe5 {[%clk 0:01:39]} 25. Bxe5 {[%clk 0:00:21]} f6
{[%clk 0:01:42]} 26. Bc7 {[%clk 0:00:29]} Rd7 {[%clk 0:01:45]} 27. Ba5
{[%clk 0:00:32]} Rxc1 {[%clk 0:01:40]} 28. Rxc1 {[%clk 0:00:41]} Kh7
{[%clk 0:01:26]} 29. Qb8 {[%clk 0:00:17]} Bf7 {[%clk 0:01:08]} 30. Re1
{[%clk 0:00:21]} Be6 {[%clk 0:00:47]} 31. Bb4 {[%clk 0:00:24]} Qf7
{[%clk 0:00:57]} 32. Qc8 {[%clk 0:00:31]} Bf5 {[%clk 0:00:25]} 33. Re8
{[%clk 0:00:39]} h5 {[%clk 0:00:18]} 34. Rh8+ {[%clk 0:00:33]} Kg6
{[%clk 0:00:27]} 35. Qc3 {[%clk 0:00:33]} Qe6 {[%clk 0:00:19]} 36. Qg3+
{[%clk 0:00:42]} Kf7 {[%clk 0:00:28]} 37. Rf8# {[%clk 0:00:51]} 1-0

[Event "Russian Rapid Championship (m)"]
[Site "Sochi"]
[Date "2022.10.16"]
[Round "8.2"]
[White "Rozum, Ivan"]
[Black "Sjugirov, Sanan"]
[Result "1/2-1/2"]
[BlackElo "2609"]
[WhiteElo "2540"]
[LiveChessVersion "1.4.8"]

1. Nf3 {[%clk 0:15:17]} Nf6 {[%clk 0:15:18]} 2. c4 {[%clk 0:15:18]} e6
{[%clk 0:15:25]} 3. g3 {[%clk 0:15:13]} d5 {[%clk 0:15:32]} 4. d4
{[%clk 0:15:21]} Bb4+ {[%clk 0:15:37]} 5. Bd2 {[%clk 0:15:29]} Be7
{[%clk 0:15:27]} 6. Bg2 {[%clk 0:15:36]} O-O {[%clk 0:15:33]} 7. O-O
{[%clk 0:15:44]} c6 {[%clk 0:15:36]} 8. Qc2 {[%clk 0:15:44]} b6 {[%clk 0:15:42]}
9. Rd1 {[%clk 0:15:22]} Nbd7 {[%clk 0:15:44]} 10. Bf4 {[%clk 0:15:04]} Ba6
{[%clk 0:15:33]} 11. cxd5 {[%clk 0:15:04]} cxd5 {[%clk 0:15:33]} 12. Ne5
{[%clk 0:15:11]} 1/2-1/2

[Event "Russian Rapid Championship (m)"]
[Site "Sochi"]
[Date "2022.10.16"]
[Round "8.4"]
[White "Chigaev, Maksim"]
[Black "Savchenko, Boris"]
[Result "1/2-1/2"]
[BlackElo "2605"]
[WhiteElo "2540"]
[LiveChessVersion "1.4.8"]

1. Nf3 {[%clk 0:15:18]} c5 {[%clk 0:15:19]} 2. e4 {[%clk 0:15:07]} d6
{[%clk 0:15:26]} 3. d4 {[%clk 0:14:55]} cxd4 {[%clk 0:15:34]} 4. Nxd4
{[%clk 0:15:01]} Nf6 {[%clk 0:15:42]} 5. Nc3 {[%clk 0:15:07]} a6 {[%clk 0:15:50]}
6. Bg5 {[%clk 0:14:57]} Nbd7 {[%clk 0:15:58]} 7. Bc4 {[%clk 0:15:05]} Qb6
{[%clk 0:15:10]} 8. Bb3 {[%clk 0:15:12]} Nc5 {[%clk 0:14:54]} 9. f3
{[%clk 0:13:53]} e6 {[%clk 0:13:48]} 10. Qd2 {[%clk 0:13:51]} Qc7
{[%clk 0:13:50]} 11. O-O-O {[%clk 0:13:26]} b5 {[%clk 0:13:57]} 12. a3
{[%clk 0:13:30]} Bd7 {[%clk 0:11:05]} 13. Ba2 {[%clk 0:13:14]} Be7
{[%clk 0:09:38]} 14. g4 {[%clk 0:11:57]} Na4 {[%clk 0:07:59]} 15. Nxa4
{[%clk 0:09:37]} bxa4 {[%clk 0:08:07]} 16. Kb1 {[%clk 0:09:35]} O-O
{[%clk 0:07:58]} 17. Ka1 {[%clk 0:08:43]} Rfb8 {[%clk 0:06:37]} 18. Rb1
{[%clk 0:08:05]} Bb5 {[%clk 0:06:28]} 19. h4 {[%clk 0:07:12]} a5 {[%clk 0:05:57]}
20. Nxb5 {[%clk 0:04:41]} Rxb5 {[%clk 0:06:05]} 21. Be3 {[%clk 0:04:49]} Nd7
{[%clk 0:04:09]} 22. g5 {[%clk 0:04:57]} Nc5 {[%clk 0:02:57]} 23. h5
{[%clk 0:02:49]} Rab8 {[%clk 0:02:56]} 24. h6 {[%clk 0:02:03]} g6
{[%clk 0:02:58]} 25. f4 {[%clk 0:01:28]} Qb7 {[%clk 0:02:41]} 26. Bxc5
{[%clk 0:00:56]} Rxc5 {[%clk 0:02:31]} 27. Qd4 {[%clk 0:00:59]} e5
{[%clk 0:02:25]} 28. fxe5 {[%clk 0:01:08]} dxe5 {[%clk 0:01:37]} 29. Qxa4
{[%clk 0:00:55]} Bxg5 {[%clk 0:01:32]} 30. Rhf1 {[%clk 0:00:57]} Rc7
{[%clk 0:01:13]} 31. Bd5 {[%clk 0:00:29]} Qa6 {[%clk 0:01:22]} 32. c4
{[%clk 0:00:14]} Bxh6 {[%clk 0:01:21]} 33. Ka2 {[%clk 0:00:13]} Bf4
{[%clk 0:00:52]} 34. b4 {[%clk 0:00:15]} Rxc4 {[%clk 0:00:59]} 35. b5
{[%clk 0:00:25]} Rxa4 {[%clk 0:00:12]} 36. bxa6 {[%clk 0:00:33]} Rxb1
{[%clk 0:00:18]} 37. Kxb1 {[%clk 0:00:21]} Be3 {[%clk 0:00:18]} 38. Rxf7
{[%clk 0:00:24]} Kh8 {[%clk 0:00:26]} 39. Ka2 {[%clk 0:00:14]} Rd4
{[%clk 0:00:25]} 40. a7 {[%clk 0:00:18]} Rd2+ {[%clk 0:00:34]} 41. Kb3
{[%clk 0:00:28]} Bxa7 {[%clk 0:00:42]} 42. Rxa7 {[%clk 0:00:36]} Rd3+
{[%clk 0:00:39]} 43. Ka4 {[%clk 0:00:28]} h5 {[%clk 0:00:47]} 44. Rxa5
{[%clk 0:00:14]} h4 {[%clk 0:00:37]} 45. Be6 {[%clk 0:00:14]} h3 {[%clk 0:00:46]}
46. Bxh3 {[%clk 0:00:22]} Rxh3 {[%clk 0:00:55]} 47. Rxe5 {[%clk 0:00:29]} Kg7
{[%clk 0:01:02]} 48. Kb4 {[%clk 0:00:36]} Kf6 {[%clk 0:01:11]} 49. Rc5
{[%clk 0:00:39]} Re3 {[%clk 0:00:53]} 50. Rc4 {[%clk 0:00:48]} g5
{[%clk 0:00:55]} 51. a4 {[%clk 0:00:57]} g4 {[%clk 0:00:57]} 52. e5+
{[%clk 0:00:50]} Kxe5 1/2-1/2

[Event "Russian Rapid Championship (m)"]
[Site "Sochi"]
[Date "2022.10.16"]
[Round "8.5"]
[White "Zvjaginsev, Vadim"]
[Black "Timofeev, Artyom"]
[Result "1-0"]
[BlackElo "2560"]
[WhiteElo "2498"]
[LiveChessVersion "1.4.8"]

1. e4 {[%clk 0:15:18]} c6 {[%clk 0:15:17]} 2. d4 {[%clk 0:15:09]} d5
{[%clk 0:15:24]} 3. e5 {[%clk 0:15:13]} Bf5 {[%clk 0:15:31]} 4. Be3
{[%clk 0:15:18]} e6 {[%clk 0:15:27]} 5. Nd2 {[%clk 0:15:23]} Ne7 {[%clk 0:14:55]}
6. f4 {[%clk 0:15:19]} Bg6 {[%clk 0:14:33]} 7. Ngf3 {[%clk 0:15:20]} Nf5
{[%clk 0:14:38]} 8. Bf2 {[%clk 0:15:25]} h5 {[%clk 0:14:45]} 9. Be2
{[%clk 0:14:18]} Be7 {[%clk 0:14:51]} 10. c3 {[%clk 0:14:06]} Nd7
{[%clk 0:14:53]} 11. Nb3 {[%clk 0:12:29]} h4 {[%clk 0:14:44]} 12. O-O
{[%clk 0:12:31]} Rc8 {[%clk 0:14:16]} 13. a4 {[%clk 0:10:57]} O-O
{[%clk 0:13:35]} 14. g4 {[%clk 0:10:41]} hxg3 {[%clk 0:13:37]} 15. hxg3
{[%clk 0:10:49]} f6 {[%clk 0:12:38]} 16. exf6 {[%clk 0:10:08]} gxf6
{[%clk 0:12:14]} 17. Bd3 {[%clk 0:09:54]} Kf7 {[%clk 0:11:44]} 18. Bxf5
{[%clk 0:06:53]} Bxf5 {[%clk 0:08:00]} 19. Nh4 {[%clk 0:06:57]} Be4
{[%clk 0:07:33]} 20. Qh5+ {[%clk 0:06:51]} Kg7 {[%clk 0:07:40]} 21. Nd2
{[%clk 0:06:16]} Bh7 {[%clk 0:07:14]} 22. Rae1 {[%clk 0:05:00]} e5
{[%clk 0:05:24]} 23. Qg4+ {[%clk 0:03:10]} Kh8 {[%clk 0:05:15]} 24. Ng6+
{[%clk 0:03:17]} Bxg6 {[%clk 0:05:24]} 25. Qxg6 {[%clk 0:03:26]} Qe8
{[%clk 0:05:32]} 26. Qf5 {[%clk 0:03:25]} Rf7 {[%clk 0:04:42]} 27. Kg2
{[%clk 0:03:31]} Kg8 {[%clk 0:04:48]} 28. Rh1 {[%clk 0:03:30]} Nf8
{[%clk 0:04:36]} 29. Rh6 {[%clk 0:02:58]} e4 {[%clk 0:03:49]} 30. Reh1
{[%clk 0:02:41]} Rg7 {[%clk 0:03:58]} 31. Nf1 {[%clk 0:02:34]} Kf7
{[%clk 0:02:54]} 32. Ne3 {[%clk 0:02:26]} Ra8 {[%clk 0:01:04]} 33. c4
{[%clk 0:01:45]} Ng6 {[%clk 0:00:29]} 34. cxd5 {[%clk 0:01:44]} Bd6
{[%clk 0:00:37]} 35. Kf1 {[%clk 0:01:33]} Qc8 {[%clk 0:00:11]} 36. Rxg6
{[%clk 0:01:23]} 1-0